000 00782nam a2200253Ia 4500
003 OSt
005 20220928114506.0
006 a|||||r|||| 00| 0
007 ta
008 220927b |||||||| |||| 00| 0 eng d
020 _cUKP 28.99
024 _a144184
037 _b8892, 03/03/2021, Efficient Book Distributors
_cTextual
040 _aSDCL
_cSDCL
_beng
041 _2eng
_aeng
082 _aR3xL24, R0
100 _aKavoulakos Konstantinos
_9438944
245 0 _aGeorg lukacs's philosophy of praxis
260 _aNew York
_b Bloomsbury Academic
_c2020
300 _aviii-248p.
_ccm.
650 _aPhilosophy
942 _hR3xL24, R0
_cTEXL
_2CC
999 _c754689
_d754689